LEADER 01075nam a2200241 i 4500 001 000000165533 003 CaOOAMICUS 005 20071018000000.0 008 071018s1962 it u000 u ita u 013 $a142901 040 $aSeMil$bita 100 1 $aBoiardo, Matteo Maria,$d<1441-1494>.$0(OLS)http://semarc/name/3653 245 10$aOpere volgari :$bamorum libri pastorale - lettere /$cMatteo Maria Boiardo ; A cura di Pier Vincenzo Mengaldo. 260 $aBari :$bLaterza & Figli,$c1962. 300 $a533 p. ;$c22 cm. 490 0 $aScrittori d'Italia ;$v224 650 4$aPoesia italiana - Sec. 15.$0(OLS)http://semarc/subject/31401 700 1 $aMengaldo, Pier Vincenzo,$d<1936- >.$0(OLS)http://semarc/name/90367 830 0$aScrittori d'Italia ;$v224.$0(OLS)http://semarc/title/138 850 $aSeMil 852 $aSeMil$W1$xVenegono$y1$m1E V 116$j116727$B116727$CSeMilBibl$Z2$F127667 $81 996 $6245$aOpere volgari :$bamorum libri pastorale - lettere$9(OLS)http://semarc/title/236371 996 $6260$aBari :$bLaterza & Figli$9(OLS)http://semarc/publisher/29663 LEADER 00488nab a2200145 i 4500 001 000000314700 003 CaOOAMICUS 005 20180831173136.0 008 180831n xx uu u0 0und r 013 $a23788 040 $aSeMil$bita 100 1 $aCanziani, Luigi Maria.$0(OLS)http://semarc/name/4415 245 13$aIl Congresso Mariologico-Mariano di Lourdes. 773 0 $t[Gennaio-Dicembre].$g475-476$w()274243 996 $6245$aIl Congresso Mariologico-Mariano di Lourdes$9(OLS)http://semarc/title/388836